000 00715nam a22002057a 4500
999 _c1689
_d1689
003 AR-CdUCM
008 190227b ||||| |||| 00| 0 spa d
040 _aMUNICIPALIDAD PROVINCIAL DEL CUSCO
_cBIBLIOTECA MUNICIPAL DEL CUSCO
082 _a301.7 /
_bA44
100 _aAltavilla, Enrico
_96255
245 _aProceso a los padres /
260 _aEspaña :
_bEditorial Mateu;
_c1967.
300 _a208 paginas ;
_c22 cm.
505 _aLos hijos de twist -- La profesión de madre -- La educación sexual -- Accidentes infantiles -- Escuela modelo ...
650 _aFamilia funcional
_96256
650 _aHijos legítimos
_96257
650 _aPadres severos
_96258
942 _2ddc
_cLIBROS
945 _arum
_d2019-02-27